[Event "U14 Polish Youth Championship"]
[Site "chess24.com"]
[Date "2018.05.03"]
[Round "6"]
[White "Sieczkowski, Adam"]
[Black "Luberanski, Jakub"]
[Result "1/2-1/2"]
[Board "24"]
[WhiteElo "1695"]
[WhiteCountry "POL"]
[WhiteFideId "21835250"]
[WhiteEloChange "5"]
[BlackElo "1880"]
[BlackCountry "POL"]
[BlackFideId "21830509"]
[BlackEloChange "-5"]

1. Nf3 {[%clk 1:30:55]} Nf6 {[%clk 1:30:55]} 2. g3 {[%clk 1:31:02]} g6 {[%clk
1:31:16]} 3. Bg2 {[%clk 1:31:28]} Bg7 {[%clk 1:31:41]} 4. O-O {[%clk 1:31:53]}
O-O {[%clk 1:32:08]} 5. c4 {[%clk 1:32:18]} d6 {[%clk 1:31:46]} 6. Nc3 {[%clk
1:32:42]} Nc6 {[%clk 1:32:02]} 7. Rb1 {[%clk 1:32:20]} e5 {[%clk 1:20:46]} 8. d3
{[%clk 1:31:13]} a5 {[%clk 1:17:31]} 9. a3 {[%clk 1:31:21]} Be6 {[%clk 1:16:27]}
10. b4 {[%clk 1:25:43]} axb4 {[%clk 1:16:46]} 11. axb4 {[%clk 1:26:07]} h6 {[%clk
1:12:54]} 12. b5 {[%clk 1:20:13]} Ne7 {[%clk 1:13:14]} 13. Qc2 {[%clk 1:18:49]}
Qd7 {[%clk 1:08:22]} 14. Bb2 {[%clk 1:16:56]} Bh3 {[%clk 1:07:12]} 15. Ra1 {[%clk
1:16:40]} Bxg2 {[%clk 1:04:25]} 16. Kxg2 {[%clk 1:17:05]} Nh5 {[%clk 1:02:12]}
17. Ra4 {[%clk 1:16:50]} f5 {[%clk 0:57:19]} 18. Rfa1 {[%clk 1:12:57]} Rxa4
{[%clk 0:57:36]} 19. Rxa4 {[%clk 1:08:23]} f4 {[%clk 0:57:07]} 20. Ra7 {[%clk
1:05:02]} fxg3 {[%clk 0:41:23]} 21. hxg3 {[%clk 1:05:27]} Qg4 {[%clk 0:32:38]}
22. Kf1 {[%clk 1:00:05]} Nf5 {[%clk 0:23:54]} 23. Nd1 {[%clk 0:49:22]} Bf6 {[%clk
0:16:39]} 24. Ke1 {[%clk 0:45:48]} Bg5 {[%clk 0:16:40]} 25. Nxg5 {[%clk 0:46:10]}
Qxg5 {[%clk 0:16:04]} 26. Qc1 {[%clk 0:35:54]} Qg4 {[%clk 0:13:17]} 27. Ne3
{[%clk 0:34:14]} Qh3 {[%clk 0:10:27]} 28. Nxf5 {[%clk 0:34:08]} Qxf5 {[%clk
0:10:46]} 29. Qe3 {[%clk 0:34:07]} Nf6 {[%clk 0:10:33]} 30. Qf3 {[%clk 0:22:02]}
Qxf3 {[%clk 0:09:42]} 31. exf3 {[%clk 0:22:27]} Nd7 {[%clk 0:09:45]} 32. Ke2
{[%clk 0:22:03]} Rb8 {[%clk 0:08:28]} 33. Ba3 {[%clk 0:20:45]} Kf7 {[%clk
0:07:36]} 34. Ke3 {[%clk 0:20:21]} Ke6 {[%clk 0:06:22]} 35. Ke4 {[%clk 0:14:27]}
1/2-1/2

[Event "U14 Polish Youth Championship"]
[Site "chess24.com"]
[Date "2018.05.03"]
[Round "6"]
[White "Czarnomski, Dominik"]
[Black "Bukala, Norbert"]
[Result "1/2-1/2"]
[Board "25"]
[WhiteElo "1554"]
[WhiteCountry "POL"]
[WhiteFideId "21836086"]
[WhiteEloChange "-3"]
[BlackElo "1453"]
[BlackCountry "POL"]
[BlackFideId "21819971"]
[BlackEloChange "3"]

1. c4 {[%clk 1:30:59]} e5 {[%clk 1:30:00]} 2. g3 {[%clk 1:31:26]} g6 {[%clk
1:29:42]} 3. Bg2 {[%clk 1:31:51]} Bg7 {[%clk 1:30:02]} 4. Nc3 {[%clk 1:32:17]}
Ne7 {[%clk 1:27:19]} 5. d3 {[%clk 1:32:27]} O-O {[%clk 1:23:39]} 6. e4 {[%clk
1:32:06]} d6 {[%clk 1:20:01]} 7. Nge2 {[%clk 1:32:20]} c5 {[%clk 1:16:30]} 8. O-O
{[%clk 1:32:02]} Nbc6 {[%clk 1:10:52]} 9. Be3 {[%clk 1:32:04]} Be6 {[%clk
1:04:20]} 10. h3 {[%clk 1:23:58]} Qd7 {[%clk 0:59:38]} 11. Kh2 {[%clk 1:23:47]}
Rab8 {[%clk 0:53:39]} 12. Qd2 {[%clk 1:23:42]} a6 {[%clk 0:51:23]} 13. a4 {[%clk
1:23:54]} Nd4 {[%clk 0:47:04]} 14. Bxd4 {[%clk 1:19:10]} cxd4 {[%clk 0:46:08]}
15. Nd5 {[%clk 1:19:29]} b5 {[%clk 0:32:36]} 16. axb5 {[%clk 1:18:51]} Bxd5
{[%clk 0:30:06]} 17. cxd5 {[%clk 1:17:26]} Qxb5 {[%clk 0:25:30]} 18. Ra2 {[%clk
1:14:04]} Rfc8 {[%clk 0:14:46]} 19. Bf3 {[%clk 0:49:14]} Rb6 {[%clk 0:04:55]} 20.
Rfa1 {[%clk 0:46:03]} Rcb8 {[%clk 0:01:56]} 21. Kg2 {[%clk 0:35:34]} h5 {[%clk
0:01:53]} 22. Nc1 {[%clk 0:34:54]} Kh7 {[%clk 0:01:57]} 23. b3 {[%clk 0:33:08]}
Bh6 {[%clk 0:01:54]} 24. Qa5 {[%clk 0:30:39]} Qxa5 {[%clk 0:01:32]} 25. Rxa5
{[%clk 0:31:08]} Bd2 {[%clk 0:01:34]} 26. R5a3 {[%clk 0:25:35]} Bc3 {[%clk
0:01:45]} 27. R1a2 {[%clk 0:25:59]} a5 {[%clk 0:01:59]} 28. Bd1 {[%clk 0:25:39]}
R6b7 {[%clk 0:02:05]} 29. Ne2 {[%clk 0:25:33]} Bb4 {[%clk 0:02:29]} 30. Ra4
{[%clk 0:25:55]} Rc7 {[%clk 0:02:48]} 31. Rc2 {[%clk 0:24:56]} Rbc8 {[%clk
0:02:10]} 32. Rxc7 {[%clk 0:25:19]} Rxc7 {[%clk 0:02:31]} 33. f4 {[%clk 0:23:43]}
f6 {[%clk 0:02:43]} 34. Ra1 {[%clk 0:21:32]} Nc8 {[%clk 0:02:27]} 35. Rc1 {[%clk
0:21:41]} Rxc1 {[%clk 0:02:41]} 36. Nxc1 {[%clk 0:22:10]} Nb6 {[%clk 0:02:10]}
37. Kf2 {[%clk 0:17:39]} 1/2-1/2

[Event "U14 Polish Youth Championship"]
[Site "chess24.com"]
[Date "2018.05.03"]
[Round "6"]
[White "Michalski, Adrian"]
[Black "Wojtasik, Szymon"]
[Result "1/2-1/2"]
[Board "26"]
[WhiteElo "1355"]
[WhiteCountry "POL"]
[WhiteFideId "21836140"]
[WhiteEloChange "-1"]
[BlackElo "1329"]
[BlackCountry "POL"]
[BlackFideId "21813990"]
[BlackEloChange "1"]

1. e4 {[%clk 1:30:57]} c5 {[%clk 1:30:57]} 2. Nf3 {[%clk 1:31:24]} Nc6 {[%clk
1:31:15]} 3. d4 {[%clk 1:31:46]} cxd4 {[%clk 1:31:42]} 4. Nxd4 {[%clk 1:32:09]}
g6 {[%clk 1:32:09]} 5. c4 {[%clk 1:32:32]} Nf6 {[%clk 1:31:50]} 6. Nc3 {[%clk
1:32:58]} d6 {[%clk 1:31:02]} 7. Be2 {[%clk 1:31:22]} Nxd4 {[%clk 1:31:11]} 8.
Qxd4 {[%clk 1:31:45]} Bg7 {[%clk 1:31:31]} 9. Be3 {[%clk 1:32:08]} O-O {[%clk
1:31:43]} 10. Qd2 {[%clk 1:32:33]} a5 {[%clk 1:31:12]} 11. f3 {[%clk 1:29:40]} a4
{[%clk 1:30:46]} 12. Rb1 {[%clk 1:29:52]} Qa5 {[%clk 1:19:16]} 13. O-O {[%clk
1:27:10]} Be6 {[%clk 1:16:24]} 14. b3 {[%clk 1:16:52]} axb3 {[%clk 1:07:17]} 15.
Rxb3 {[%clk 1:16:30]} Nd7 {[%clk 1:01:42]} 16. a3 {[%clk 1:09:24]} Nc5 {[%clk
0:50:38]} 17. Bxc5 {[%clk 1:04:45]} Qxc5+ {[%clk 0:50:25]} 18. Kh1 {[%clk
1:05:11]} Bxc4 {[%clk 0:39:44]} 19. Bxc4 {[%clk 1:05:18]} Qxc4 {[%clk 0:40:13]}
20. Rfb1 {[%clk 1:05:38]} Bxc3 {[%clk 0:32:18]} 21. Rxc3 {[%clk 1:05:35]} Qa6
{[%clk 0:31:59]} 22. Qb2 {[%clk 1:04:36]} Rfc8 {[%clk 0:31:16]} 23. Rb3 {[%clk
1:03:20]} b5 {[%clk 0:28:08]} 24. h3 {[%clk 1:03:15]} Rc5 {[%clk 0:25:57]} 25.
Rxb5 {[%clk 1:01:42]} Rxb5 {[%clk 0:25:03]} 26. Qxb5 {[%clk 1:02:06]} Qxb5 {[%clk
0:25:21]} 27. Rxb5 {[%clk 1:02:31]} Rxa3 {[%clk 0:25:43]} 28. Rb7 {[%clk
1:02:12]} e6 {[%clk 0:23:02]} 29. Rd7 {[%clk 1:02:16]} Ra6 {[%clk 0:21:42]} 30.
g4 {[%clk 1:00:33]} Kg7 {[%clk 0:20:59]} 31. Kg2 {[%clk 1:00:16]} g5 {[%clk
0:19:22]} 32. Kg3 {[%clk 0:59:30]} h6 {[%clk 0:19:00]} 33. h4 {[%clk 0:58:51]}
Kg6 {[%clk 0:18:43]} 34. h5+ {[%clk 0:59:03]} Kf6 {[%clk 0:17:37]} 35. Rd8 {[%clk
0:59:29]} Rc6 {[%clk 0:14:55]} 36. Rh8 {[%clk 0:59:26]} Kg7 {[%clk 0:15:07]} 37.
Rd8 {[%clk 0:59:51]} e5 {[%clk 0:11:16]} 38. Kf2 {[%clk 0:59:33]} Rc2+ {[%clk
0:10:26]} 39. Kg3 {[%clk 0:59:59]} Rd2 {[%clk 0:10:41]} 40. Kh3 {[%clk 1:00:25]}
Rd3 {[%clk 0:10:21]} 41. Kg2 {[%clk 1:00:48]} Rd2+ {[%clk 0:09:23]} 42. Kh3
{[%clk 1:00:39]} Kf6 {[%clk 0:09:22]} 43. Rh8 {[%clk 1:01:01]} Rd1 {[%clk
0:09:35]} 44. Rd8 {[%clk 1:00:58]} Ke7 {[%clk 0:09:09]} 45. Rh8 {[%clk 1:00:47]}
Rd3 {[%clk 0:07:18]} 46. Kg2 {[%clk 1:01:01]} 1/2-1/2

[Event "U14 Polish Youth Championship"]
[Site "chess24.com"]
[Date "2018.05.03"]
[Round "7"]
[White "Paprocki, Stanislaw"]
[Black "Czopor, Maciej"]
[Result "0-1"]
[Board "1"]
[WhiteElo "1748"]
[WhiteCountry "POL"]
[WhiteFideId "21817294"]
[WhiteEloChange "-2"]
[BlackElo "2153"]
[BlackCountry "POL"]
[BlackFideId "21805431"]
[BlackEloChange "2"]

1. e4 {[%clk 1:30:58]} e5 {[%clk 1:30:51]} 2. Nf3 {[%clk 1:30:57]} Nc6 {[%clk
1:31:15]} 3. Bc4 {[%clk 1:30:36]} Bc5 {[%clk 1:31:37]} 4. c3 {[%clk 1:30:28]} Nf6
{[%clk 1:31:47]} 5. d3 {[%clk 1:30:41]} O-O {[%clk 1:32:01]} 6. O-O {[%clk
1:30:52]} d6 {[%clk 1:32:05]} 7. Bb3 {[%clk 1:30:20]} a6 {[%clk 1:32:02]} 8. Nbd2
{[%clk 1:30:06]} Ba7 {[%clk 1:31:45]} 9. Re1 {[%clk 1:29:38]} Ng4 {[%clk
1:31:38]} 10. Re2 {[%clk 1:29:09]} Kh8 {[%clk 1:31:57]} 11. h3 {[%clk 1:28:45]}
Nh6 {[%clk 1:32:23]} 12. Nf1 {[%clk 1:28:46]} f5 {[%clk 1:32:27]} 13. Bg5 {[%clk
1:23:23]} Qe8 {[%clk 1:30:49]} 14. d4 {[%clk 1:19:39]} fxe4 {[%clk 1:24:59]} 15.
Rxe4 {[%clk 1:19:37]} Qg6 {[%clk 1:24:38]} 16. Bxh6 {[%clk 1:11:15]} Qxe4 {[%clk
1:18:19]} 17. Bc2 {[%clk 1:08:24]} Qd5 {[%clk 1:18:32]} 18. Bb3 {[%clk 1:08:42]}
Qa5 {[%clk 1:18:03]} 19. Bxg7+ {[%clk 1:05:40]} Kxg7 {[%clk 1:18:17]} 20. d5
{[%clk 1:05:51]} Ne7 {[%clk 1:14:12]} 21. Ng3 {[%clk 1:03:19]} Bf5 {[%clk
1:04:12]} 22. Nxf5+ {[%clk 0:55:52]} Rxf5 {[%clk 1:01:50]} 23. Bc2 {[%clk
0:55:37]} Rf6 {[%clk 1:01:13]} 24. Qd3 {[%clk 0:53:08]} Ng6 {[%clk 0:59:49]} 25.
h4 {[%clk 0:49:24]} Re8 {[%clk 0:54:50]} 26. Re1 {[%clk 0:47:11]} Qc5 {[%clk
0:52:52]} 27. Nd4 {[%clk 0:46:41]} exd4 {[%clk 0:51:57]} 28. Rxe8 {[%clk
0:47:00]} dxc3 {[%clk 0:52:09]} 29. Re7+ {[%clk 0:47:11]} Nxe7 {[%clk 0:52:10]}
30. Qxh7+ {[%clk 0:47:36]} Kf8 {[%clk 0:52:37]} 31. Qh8+ {[%clk 0:47:45]} Ng8
{[%clk 0:52:53]} 0-1

[Event "U14 Polish Youth Championship"]
[Site "chess24.com"]
[Date "2018.05.03"]
[Round "7"]
[White "Baum, Jonasz"]
[Black "Oglaza, Oskar"]
[Result "0-1"]
[Board "2"]
[WhiteElo "2121"]
[WhiteCountry "POL"]
[WhiteFideId "1195360"]
[WhiteEloChange "-7"]
[BlackElo "2237"]
[BlackCountry "POL"]
[BlackFideId "1194402"]
[BlackEloChange "7"]

1. e4 {[%clk 1:30:52]} c5 {[%clk 1:30:37]} 2. Nf3 {[%clk 1:31:18]} d6 {[%clk
1:31:04]} 3. d4 {[%clk 1:31:42]} cxd4 {[%clk 1:31:30]} 4. Nxd4 {[%clk 1:32:08]}
Nf6 {[%clk 1:31:54]} 5. Nc3 {[%clk 1:32:35]} a6 {[%clk 1:32:19]} 6. h3 {[%clk
1:33:00]} g6 {[%clk 1:32:35]} 7. g4 {[%clk 1:33:09]} Bg7 {[%clk 1:32:56]} 8. Be3
{[%clk 1:32:16]} O-O {[%clk 1:33:03]} 9. Qd2 {[%clk 1:26:04]} Nc6 {[%clk
1:33:24]} 10. O-O-O {[%clk 1:22:54]} Bd7 {[%clk 1:31:08]} 11. Kb1 {[%clk
1:20:31]} b5 {[%clk 1:30:42]} 12. Nxc6 {[%clk 1:19:29]} Bxc6 {[%clk 1:31:00]} 13.
Bg2 {[%clk 1:19:28]} Qc7 {[%clk 1:28:31]} 14. Bd4 {[%clk 1:08:32]} Qb7 {[%clk
1:25:52]} 15. Nd5 {[%clk 1:02:13]} Bxd5 {[%clk 1:18:10]} 16. exd5 {[%clk
1:02:28]} Rac8 {[%clk 1:18:38]} 17. g5 {[%clk 0:57:16]} Ne8 {[%clk 1:18:45]} 18.
h4 {[%clk 0:51:45]} Rc4 {[%clk 1:18:11]} 19. Be3 {[%clk 0:48:57]} f5 {[%clk
1:17:44]} 20. f4 {[%clk 0:47:05]} b4 {[%clk 1:15:44]} 21. h5 {[%clk 0:44:56]} Nc7
{[%clk 1:11:30]} 22. hxg6 {[%clk 0:42:59]} hxg6 {[%clk 1:11:53]} 23. Bf1 {[%clk
0:37:31]} Re4 {[%clk 1:10:29]} 24. Bd3 {[%clk 0:32:39]} Nb5 {[%clk 1:10:55]} 25.
Bxe4 {[%clk 0:29:51]} Na3+ {[%clk 1:11:19]} 26. Kc1 {[%clk 0:26:10]} Bxb2+ {[%clk
1:11:43]} 27. Kxb2 {[%clk 0:26:37]} Nc4+ {[%clk 1:12:08]} 28. Kb1 {[%clk
0:25:35]} Nxd2+ {[%clk 1:12:26]} 29. Rxd2 {[%clk 0:25:58]} fxe4 {[%clk 1:12:23]}
30. Rh6 {[%clk 0:26:07]} Kf7 {[%clk 1:08:46]} 31. f5 {[%clk 0:17:37]} gxf5 {[%clk
1:08:27]} 32. g6+ {[%clk 0:13:46]} Ke8 {[%clk 1:08:50]} 33. Bg5 {[%clk 0:04:03]}
Rg8 {[%clk 1:08:09]} 34. Rd4 {[%clk 0:02:41]} Qb6 {[%clk 1:04:52]} 35. Be3 {[%clk
0:02:00]} Qb5 {[%clk 1:04:50]} 36. Kb2 {[%clk 0:01:45]} Qc5 {[%clk 1:02:54]} 37.
Bf2 {[%clk 0:00:38]} Qc3+ {[%clk 1:03:13]} 38. Kb1 {[%clk 0:00:44]} e3 {[%clk
1:03:35]} 39. Rf4 {[%clk 0:00:38]} exf2 {[%clk 1:03:57]} 40. g7 {[%clk 0:00:36]}
Qe1+ {[%clk 1:04:17]} 41. Kb2 {[%clk 0:00:59]} Qe5+ {[%clk 1:04:39]} 0-1

[Event "U14 Polish Youth Championship"]
[Site "chess24.com"]
[Date "2018.05.03"]
[Round "7"]
[White "Turski, Bartlomiej"]
[Black "Luczak, Filip"]
[Result "1/2-1/2"]
[Board "3"]
[WhiteElo "1830"]
[WhiteCountry "POL"]
[WhiteFideId "21810567"]
[WhiteEloChange "7"]
[BlackElo "2126"]
[BlackTitle "CM"]
[BlackCountry "POL"]
[BlackFideId "1193686"]
[BlackEloChange "-7"]

1. e4 {[%clk 1:30:58]} c5 {[%clk 1:30:58]} 2. Nf3 {[%clk 1:31:13]} e6 {[%clk
1:31:22]} 3. d4 {[%clk 1:31:34]} cxd4 {[%clk 1:31:46]} 4. Nxd4 {[%clk 1:32:00]}
Nc6 {[%clk 1:32:14]} 5. Nc3 {[%clk 1:30:22]} Nf6 {[%clk 1:31:42]} 6. Nxc6 {[%clk
1:30:21]} bxc6 {[%clk 1:32:10]} 7. Bd3 {[%clk 1:30:13]} d5 {[%clk 1:31:26]} 8.
O-O {[%clk 1:29:42]} Be7 {[%clk 1:30:23]} 9. f4 {[%clk 1:26:57]} dxe4 {[%clk
1:14:02]} 10. Nxe4 {[%clk 1:14:17]} O-O {[%clk 1:03:13]} 11. Kh1 {[%clk 1:03:08]}
Bb7 {[%clk 0:50:02]} 12. Qf3 {[%clk 0:58:32]} Nxe4 {[%clk 0:39:00]} 13. Bxe4
{[%clk 0:57:20]} Qc7 {[%clk 0:33:51]} 14. Be3 {[%clk 0:45:24]} f5 {[%clk
0:32:08]} 15. Bd3 {[%clk 0:43:10]} c5 {[%clk 0:32:36]} 16. Qf2 {[%clk 0:37:20]}
Bd6 {[%clk 0:20:15]} 17. c3 {[%clk 0:33:33]} Rab8 {[%clk 0:18:20]} 18. b3 {[%clk
0:29:23]} Rf6 {[%clk 0:18:04]} 19. Be2 {[%clk 0:27:27]} Rg6 {[%clk 0:17:31]} 20.
Bf3 {[%clk 0:25:38]} Bxf4 {[%clk 0:15:56]} 21. Bxf4 {[%clk 0:24:42]} Qxf4 {[%clk
0:15:48]} 22. Qxc5 {[%clk 0:23:14]} Rh6 {[%clk 0:15:20]} 23. Qg1 {[%clk 0:21:46]}
Qc7 {[%clk 0:12:23]} 24. c4 {[%clk 0:20:58]} Rf8 {[%clk 0:12:24]} 25. g3 {[%clk
0:18:15]} e5 {[%clk 0:11:39]} 26. Bxb7 {[%clk 0:17:59]} Qxb7+ {[%clk 0:12:08]}
27. Qg2 {[%clk 0:18:22]} e4 {[%clk 0:12:06]} 28. Rf2 {[%clk 0:18:03]} Qc7 {[%clk
0:11:52]} 29. Raf1 {[%clk 0:18:10]} Rhf6 {[%clk 0:12:07]} 30. g4 {[%clk 0:16:58]}
Qe5 {[%clk 0:10:32]} 31. gxf5 {[%clk 0:14:41]} Rxf5 {[%clk 0:10:49]} 32. Rxf5
{[%clk 0:14:46]} Rxf5 {[%clk 0:11:17]} 33. Re1 {[%clk 0:14:53]} Qd4 {[%clk
0:09:28]} 34. h3 {[%clk 0:10:40]} Rf3 {[%clk 0:05:24]} 35. Qg4 {[%clk 0:09:14]}
h6 {[%clk 0:03:02]} 36. Qc8+ {[%clk 0:08:56]} Kh7 {[%clk 0:03:17]} 37. Qg4 {[%clk
0:09:20]} Qd3 {[%clk 0:02:15]} 38. Qxe4+ {[%clk 0:08:53]} Qxe4 {[%clk 0:02:44]}
39. Rxe4 {[%clk 0:09:21]} Rxh3+ {[%clk 0:03:14]} 40. Kg1 {[%clk 0:09:24]} Rc3
{[%clk 0:03:37]} 41. Re7 {[%clk 0:07:21]} a5 {[%clk 0:02:40]} 42. Kf2 {[%clk
0:05:35]} a4 {[%clk 0:03:00]} 43. Re3 {[%clk 0:05:09]} Rc2+ {[%clk 0:03:29]} 44.
Re2 {[%clk 0:05:26]} Rc3 {[%clk 0:03:41]} 45. Re3 {[%clk 0:05:13]} Rc2+ {[%clk
0:04:09]} 46. Re2 {[%clk 0:05:36]} 1/2-1/2

[Event "U14 Polish Youth Championship"]
[Site "chess24.com"]
[Date "2018.05.03"]
[Round "7"]
[White "Fiedorek, Michal"]
[Black "Poltorak, Sebastian"]
[Result "1/2-1/2"]
[Board "4"]
[WhiteElo "2081"]
[WhiteCountry "POL"]
[WhiteFideId "1199528"]
[WhiteEloChange "-8"]
[BlackElo "1705"]
[BlackCountry "POL"]
[BlackFideId "1199498"]
[BlackEloChange "8"]

1. e4 {[%clk 1:30:57]} c5 {[%clk 1:30:57]} 2. Nf3 {[%clk 1:31:22]} Nc6 {[%clk
1:31:24]} 3. d4 {[%clk 1:31:40]} cxd4 {[%clk 1:31:48]} 4. Nxd4 {[%clk 1:32:06]}
Nf6 {[%clk 1:32:15]} 5. Nc3 {[%clk 1:32:09]} e5 {[%clk 1:32:40]} 6. Ndb5 {[%clk
1:32:16]} d6 {[%clk 1:33:03]} 7. Nd5 {[%clk 1:32:04]} Nxd5 {[%clk 1:33:20]} 8.
exd5 {[%clk 1:32:25]} Nb8 {[%clk 1:33:45]} 9. c4 {[%clk 1:32:23]} Be7 {[%clk
1:33:38]} 10. Be3 {[%clk 1:31:18]} a6 {[%clk 1:33:42]} 11. Nc3 {[%clk 1:31:22]}
O-O {[%clk 1:33:27]} 12. Qd2 {[%clk 1:30:49]} Nd7 {[%clk 1:31:55]} 13. Bd3 {[%clk
1:25:47]} f5 {[%clk 1:31:15]} 14. f3 {[%clk 1:25:05]} Nc5 {[%clk 1:25:38]} 15.
Bc2 {[%clk 1:24:21]} a5 {[%clk 1:24:09]} 16. O-O {[%clk 1:23:46]} b6 {[%clk
1:22:23]} 17. b3 {[%clk 1:21:27]} f4 {[%clk 1:21:49]} 18. Bf2 {[%clk 1:19:53]}
Bh4 {[%clk 1:21:38]} 19. Rab1 {[%clk 1:17:41]} Bxf2+ {[%clk 1:20:46]} 20. Qxf2
{[%clk 1:17:17]} Bf5 {[%clk 1:15:33]} 21. a3 {[%clk 1:14:57]} a4 {[%clk 1:13:34]}
22. b4 {[%clk 1:11:31]} Bxc2 {[%clk 1:13:26]} 23. Qxc2 {[%clk 1:11:55]} Nb3
{[%clk 1:13:48]} 24. Nb5 {[%clk 1:05:25]} Rf6 {[%clk 1:11:05]} 25. Rb2 {[%clk
1:00:05]} Rh6 {[%clk 1:10:06]} 26. Qf2 {[%clk 0:59:27]} Rc8 {[%clk 1:06:51]} 27.
Rc2 {[%clk 0:58:18]} Rb8 {[%clk 1:05:27]} 28. Re1 {[%clk 0:51:51]} Qf6 {[%clk
1:03:36]} 29. Re4 {[%clk 0:49:49]} g5 {[%clk 1:03:25]} 30. Qe2 {[%clk 0:37:48]}
Rg6 {[%clk 0:58:21]} 31. Rc3 {[%clk 0:29:05]} Rg7 {[%clk 0:55:20]} 32. Qd1 {[%clk
0:24:53]} h5 {[%clk 0:54:13]} 33. Rc2 {[%clk 0:24:21]} g4 {[%clk 0:53:55]} 34.
Kh1 {[%clk 0:23:46]} Kh8 {[%clk 0:53:08]} 35. Kg1 {[%clk 0:16:54]} Qg6 {[%clk
0:51:34]} 36. Qe2 {[%clk 0:16:10]} Rbg8 {[%clk 0:49:15]} 37. Kf1 {[%clk 0:15:20]}
gxf3 {[%clk 0:49:03]} 38. Qxf3 {[%clk 0:15:27]} h4 {[%clk 0:46:42]} 39. Rf2
{[%clk 0:08:33]} Rh7 {[%clk 0:45:53]} 40. h3 {[%clk 0:08:17]} Qh6 {[%clk
0:44:27]} 41. Qe2 {[%clk 0:05:52]} Rhg7 {[%clk 0:44:02]} 42. Kg1 {[%clk 0:05:07]}
Rg3 {[%clk 0:44:15]} 43. Nxd6 {[%clk 0:02:04]} Qxd6 {[%clk 0:40:13]} 44. Qh5+
{[%clk 0:02:27]} Kg7 {[%clk 0:40:34]} 45. Rxe5 {[%clk 0:02:08]} Rh8 {[%clk
0:32:01]} 1/2-1/2

[Event "U14 Polish Youth Championship"]
[Site "chess24.com"]
[Date "2018.05.03"]
[Round "7"]
[White "Wysocki, Mateusz"]
[Black "Czernek, Tymon"]
[Result "1-0"]
[Board "5"]
[WhiteElo "1626"]
[WhiteCountry "POL"]
[WhiteFideId "21810621"]
[WhiteEloChange "18"]
[BlackElo "2057"]
[BlackCountry "POL"]
[BlackFideId "1199510"]
[BlackEloChange "-18"]

1. e4 {[%clk 1:30:30]} c5 {[%clk 1:30:30]} 2. Nf3 {[%clk 1:30:44]} d6 {[%clk
1:30:54]} 3. c3 {[%clk 1:31:09]} Nf6 {[%clk 1:29:24]} 4. Be2 {[%clk 1:31:33]} Nc6
{[%clk 1:28:16]} 5. d4 {[%clk 1:27:50]} cxd4 {[%clk 1:28:36]} 6. cxd4 {[%clk
1:27:50]} Nxe4 {[%clk 1:17:42]} 7. d5 {[%clk 1:28:09]} Qa5+ {[%clk 1:18:07]} 8.
Nc3 {[%clk 1:28:34]} Nxc3 {[%clk 1:16:42]} 9. bxc3 {[%clk 1:28:59]} Ne5 {[%clk
1:16:30]} 10. Nxe5 {[%clk 1:29:08]} dxe5 {[%clk 1:16:55]} 11. O-O {[%clk
1:28:40]} Bd7 {[%clk 1:10:55]} 12. Rb1 {[%clk 1:27:31]} Qc7 {[%clk 1:06:03]} 13.
Bf3 {[%clk 1:26:47]} Rb8 {[%clk 1:02:37]} 14. Ba3 {[%clk 1:25:59]} e6 {[%clk
0:54:51]} 15. d6 {[%clk 1:19:44]} Qc8 {[%clk 0:54:39]} 16. Qe2 {[%clk 1:16:18]}
f6 {[%clk 0:53:02]} 17. Be4 {[%clk 1:09:34]} g6 {[%clk 0:50:28]} 18. Qf3 {[%clk
1:06:45]} Bg7 {[%clk 0:34:48]} 19. Bxb7 {[%clk 1:03:49]} Qd8 {[%clk 0:34:57]} 20.
c4 {[%clk 1:02:33]} O-O {[%clk 0:12:46]} 21. c5 {[%clk 0:59:24]} f5 {[%clk
0:05:48]} 22. c6 {[%clk 0:57:56]} e4 {[%clk 0:04:53]} 23. Qb3 {[%clk 0:54:03]}
Bxc6 {[%clk 0:02:13]} 24. Qxe6+ {[%clk 0:54:12]} Kh8 {[%clk 0:02:38]} 25. Bxc6
{[%clk 0:54:37]} Rf6 {[%clk 0:01:08]} 26. Rxb8 {[%clk 0:54:35]} Qxb8 {[%clk
0:01:33]} 27. Qe8+ {[%clk 0:54:59]} Qxe8 {[%clk 0:01:52]} 28. Bxe8 {[%clk
0:54:59]} Re6 {[%clk 0:02:00]} 29. Bd7 {[%clk 0:55:13]} Re5 {[%clk 0:02:19]} 30.
Bc6 {[%clk 0:54:02]} Ra5 {[%clk 0:02:39]} 31. d7 {[%clk 0:54:22]} Bf6 {[%clk
0:02:58]} 32. Bb2 {[%clk 0:54:46]} 1-0

[Event "U14 Polish Youth Championship"]
[Site "chess24.com"]
[Date "2018.05.03"]
[Round "7"]
[White "Niedbala, Bartlomiej"]
[Black "Gorkiewicz, Mateusz"]
[Result "0-1"]
[Board "6"]
[WhiteElo "1956"]
[WhiteCountry "POL"]
[WhiteFideId "21834008"]
[WhiteEloChange "-13"]
[BlackElo "1854"]
[BlackCountry "POL"]
[BlackFideId "21807299"]
[BlackEloChange "13"]

1. d4 {[%clk 1:30:59]} d5 {[%clk 1:30:53]} 2. Nf3 {[%clk 1:31:23]} Nf6 {[%clk
1:31:16]} 3. Bf4 {[%clk 1:31:18]} e6 {[%clk 1:31:29]} 4. e3 {[%clk 1:31:35]} c5
{[%clk 1:31:49]} 5. c3 {[%clk 1:31:55]} Nc6 {[%clk 1:32:01]} 6. Nbd2 {[%clk
1:31:59]} Bd6 {[%clk 1:32:15]} 7. Ne5 {[%clk 1:30:04]} O-O {[%clk 1:31:04]} 8.
Bd3 {[%clk 1:30:11]} Qe7 {[%clk 1:29:05]} 9. Qf3 {[%clk 1:29:03]} Nd7 {[%clk
1:25:53]} 10. Qg3 {[%clk 1:25:12]} Ncxe5 {[%clk 1:14:06]} 11. dxe5 {[%clk
1:25:23]} Bc7 {[%clk 1:14:18]} 12. h4 {[%clk 1:25:37]} c4 {[%clk 1:08:38]} 13.
Bc2 {[%clk 1:25:55]} b5 {[%clk 1:08:35]} 14. Nf3 {[%clk 1:22:12]} b4 {[%clk
1:05:30]} 15. Ng5 {[%clk 1:15:50]} h6 {[%clk 1:04:15]} 16. Nh7 {[%clk 1:12:39]}
bxc3 {[%clk 0:56:21]} 17. b4 {[%clk 0:48:11]} Rd8 {[%clk 0:34:28]} 18. Rd1 {[%clk
0:31:39]} Kh8 {[%clk 0:29:35]} 19. Nf6 {[%clk 0:23:57]} Bb6 {[%clk 0:23:39]} 20.
Bxh6 {[%clk 0:05:27]} gxh6 {[%clk 0:22:54]} 21. Qf4 {[%clk 0:04:56]} Qf8 {[%clk
0:21:04]} 22. Rh3 {[%clk 0:04:46]} Bc7 {[%clk 0:18:32]} 23. Nxd7 {[%clk 0:04:07]}
Bxd7 {[%clk 0:16:48]} 24. Rg3 {[%clk 0:03:43]} f5 {[%clk 0:16:27]} 25. Rg6 {[%clk
0:03:42]} Kh7 {[%clk 0:16:26]} 26. h5 {[%clk 0:03:00]} Bc8 {[%clk 0:07:14]} 27.
g4 {[%clk 0:03:09]} Rb8 {[%clk 0:06:18]} 28. gxf5 {[%clk 0:02:39]} exf5 {[%clk
0:06:34]} 29. Ke2 {[%clk 0:03:08]} Rb6 {[%clk 0:05:52]} 30. Rdg1 {[%clk 0:02:04]}
Rxg6 {[%clk 0:05:45]} 31. hxg6+ {[%clk 0:02:12]} Kg7 {[%clk 0:06:01]} 32. Rh1
{[%clk 0:02:17]} Kxg6 {[%clk 0:04:52]} 33. Rh5 {[%clk 0:01:48]} Kxh5 {[%clk
0:02:07]} 34. Qg3 {[%clk 0:01:57]} Qg8 {[%clk 0:02:21]} 35. Qh3+ {[%clk 0:02:26]}
Kg6 {[%clk 0:02:43]} 36. Qg4+ {[%clk 0:02:55]} Kh7 {[%clk 0:02:35]} 0-1